<?xml version="1.0" encoding="UTF-8"?>
<record
    xmlns:xsi="http://www.w3.org/2001/XMLSchema-instance"
    xsi:schemaLocation="http://www.loc.gov/MARC21/slim http://www.loc.gov/standards/marcxml/schema/MARC21slim.xsd"
    xmlns="http://www.loc.gov/MARC21/slim">

  <leader>00990nam a2200253 i 4500</leader>
  <controlfield tag="003">DO-SdBNP</controlfield>
  <controlfield tag="005">20240304181731.0</controlfield>
  <controlfield tag="006">a||||gr|||| 00| 0 </controlfield>
  <controlfield tag="007">ta</controlfield>
  <controlfield tag="008">230510e2022    dr ||||gr|||| 001 0 spa d</controlfield>
  <datafield tag="040" ind1=" " ind2=" ">
    <subfield code="a">DO-SdBNP</subfield>
    <subfield code="b">spa</subfield>
    <subfield code="c">BNPHU</subfield>
    <subfield code="e">rda</subfield>
  </datafield>
  <datafield tag="082" ind1=" " ind2="4">
    <subfield code="2">22</subfield>
    <subfield code="b">V427c</subfield>
  </datafield>
  <datafield tag="111" ind1=" " ind2=" ">
    <subfield code="a">Convenci&#xF3;n Nacional Extraordinaria de Reforma Estatutaria</subfield>
    <subfield code="n">(XX:</subfield>
    <subfield code="d">2022:</subfield>
    <subfield code="c">Santo Domingo)</subfield>
    <subfield code="9">83358</subfield>
  </datafield>
  <datafield tag="245" ind1="1" ind2="0">
    <subfield code="a">XX convenci&#xF3;n nacional extraordinaria de reforma estatutaria:</subfield>
    <subfield code="b">estatutos aprobados el 30 de enero de 2022./</subfield>
  </datafield>
  <datafield tag="246" ind1="1" ind2="1">
    <subfield code="a">Veinte convenci&#xF3;n nacional extraordinaria de reforma estatutaria:</subfield>
    <subfield code="b">estatutos aprobados el 30 de enero de 2022</subfield>
  </datafield>
  <datafield tag="264" ind1="3" ind2="0">
    <subfield code="a">Santo Domingo :</subfield>
    <subfield code="b">Partido Revolucionario Dominicano,</subfield>
    <subfield code="c">2022</subfield>
  </datafield>
  <datafield tag="300" ind1=" " ind2=" ">
    <subfield code="a">108 p&#xE1;ginas ;</subfield>
    <subfield code="c">20 cm.</subfield>
  </datafield>
  <datafield tag="336" ind1=" " ind2=" ">
    <subfield code="2">rdaconten</subfield>
    <subfield code="a">texto</subfield>
    <subfield code="b">txt</subfield>
  </datafield>
  <datafield tag="337" ind1=" " ind2=" ">
    <subfield code="2">rdamedia</subfield>
    <subfield code="a">sin medici&#xF3;n</subfield>
    <subfield code="b">n</subfield>
  </datafield>
  <datafield tag="338" ind1=" " ind2=" ">
    <subfield code="2">rdacarrier</subfield>
    <subfield code="a">volumen</subfield>
    <subfield code="b">nc</subfield>
  </datafield>
  <datafield tag="590" ind1=" " ind2=" ">
    <subfield code="a">Inventariado 2023 / MF</subfield>
  </datafield>
  <datafield tag="710" ind1="2" ind2=" ">
    <subfield code="a">Partido Revolucionario Dominicano</subfield>
    <subfield code="9">5214</subfield>
  </datafield>
  <datafield tag="942" ind1=" " ind2=" ">
    <subfield code="2">ddc</subfield>
    <subfield code="c">LBS1</subfield>
  </datafield>
  <datafield tag="952" ind1=" " ind2=" ">
    <subfield code="0">0</subfield>
    <subfield code="1">0</subfield>
    <subfield code="2">ddc</subfield>
    <subfield code="5">1</subfield>
    <subfield code="7">0</subfield>
    <subfield code="8">PD</subfield>
    <subfield code="a">BNPHU</subfield>
    <subfield code="b">BNPHU</subfield>
    <subfield code="c">CT</subfield>
    <subfield code="d">2022-10-27</subfield>
    <subfield code="e">Dep&#xF3;sito legal / Partido Revolucionario Dominicano </subfield>
    <subfield code="l">0</subfield>
    <subfield code="o">V427c</subfield>
    <subfield code="p">2023-1720</subfield>
    <subfield code="r">2023-05-10</subfield>
    <subfield code="w">2023-05-10</subfield>
    <subfield code="y">LBS1</subfield>
  </datafield>
  <datafield tag="952" ind1=" " ind2=" ">
    <subfield code="0">0</subfield>
    <subfield code="1">0</subfield>
    <subfield code="2">ddc</subfield>
    <subfield code="5">1</subfield>
    <subfield code="7">0</subfield>
    <subfield code="8">PD</subfield>
    <subfield code="a">BNPHU</subfield>
    <subfield code="b">BNPHU</subfield>
    <subfield code="c">CT</subfield>
    <subfield code="d">2022-10-27</subfield>
    <subfield code="e">Dep&#xF3;sito legal / Partido Revolucionario Dominicano </subfield>
    <subfield code="l">0</subfield>
    <subfield code="o">V427c</subfield>
    <subfield code="p">2023-1721</subfield>
    <subfield code="r">2023-05-10</subfield>
    <subfield code="t">e.2</subfield>
    <subfield code="w">2023-05-10</subfield>
    <subfield code="y">LBS1</subfield>
  </datafield>
  <datafield tag="952" ind1=" " ind2=" ">
    <subfield code="0">0</subfield>
    <subfield code="1">0</subfield>
    <subfield code="2">ddc</subfield>
    <subfield code="5">6</subfield>
    <subfield code="7">0</subfield>
    <subfield code="8">DS</subfield>
    <subfield code="a">BNPHU</subfield>
    <subfield code="b">BNPHU</subfield>
    <subfield code="c">CT</subfield>
    <subfield code="d">2022-10-27</subfield>
    <subfield code="e">Dep&#xF3;sito legal / Partido Revolucionario Dominicano </subfield>
    <subfield code="l">0</subfield>
    <subfield code="o">V427c</subfield>
    <subfield code="p">2023-1722</subfield>
    <subfield code="r">2023-05-10</subfield>
    <subfield code="t">e.3</subfield>
    <subfield code="w">2023-05-10</subfield>
    <subfield code="y">LBS1</subfield>
  </datafield>
  <datafield tag="999" ind1=" " ind2=" ">
    <subfield code="c">53478</subfield>
    <subfield code="d">53478</subfield>
  </datafield>
</record>
